000 00415nam a2200181Ia 4500
001 10585
005 20260306161843.0
008 260306t1985||||xx |||||||||||||| ||spa||
041 _aESP
082 _a940.55
_bL517 T. 1
100 _aLaqueur, Walter
_eAUT
245 0 _aEuropa después de Hitler (I)
260 _c1985
300 _a
_c20 cm.
650 _aGEN
654 _aCHU
942 _cLIB
_dJUS
_fJUS
_2ddc
_n
999 _c10585
_d10585